| Tag |
First Indicator |
Second Indicator |
Subfields |
| LEADER |
00000cam a2200000Ia 4500 |
| 001 |
in00001536521 |
| 005 |
20151022052445.0 |
| 008 |
990901s1999 ne a bc 001 0 eng d |
| 020 |
|
|
|a 9040093172 (hb)
|
| 020 |
|
|
|a 9040093377 (pb)
|
| 035 |
|
|
|a (OCoLC)42279802
|
| 040 |
|
|
|a KSU
|c KSU
|d NGU
|d TXA
|d UtOrBLW
|
| 041 |
1 |
|
|a eng
|h dut
|
| 049 |
|
|
|a TXAM
|
| 090 |
|
|
|a ND1393.N4
|b C46 1999
|
| 100 |
1 |
|
|a Chong, Alan,
|d 1957-
|
| 245 |
1 |
0 |
|a Still-life paintings from the Netherlands, 1550-1720 /
|c Alan Chong & Wouter Kloek with Celeste Brusati [and others].
|
| 264 |
|
1 |
|a Zwolle :
|b Waanders Publishers,
|c [1999]
|
| 264 |
|
4 |
|c ©1999
|
| 300 |
|
|
|a 319 pages :
|b illustrations (some color) ;
|c 30 cm.
|
| 336 |
|
|
|a text
|b txt
|2 rdacontent
|
| 337 |
|
|
|a unmediated
|b n
|2 rdamedia
|
| 338 |
|
|
|a volume
|b nc
|2 rdacarrier
|
| 500 |
|
|
|a On colophon: "Translations from the Dutch: Ruth Koenig."
|
| 500 |
|
|
|a Published concurrently with an exhibition held at the Rijksmuseum, Amsterdam, June 19-Sept. 19, 1999, and at the Cleveland Museum of Art, Oct. 31, 1999-Jan. 9, 2000.
|
| 504 |
|
|
|a Includes bibliographical references (pages 301-316) and index.
|
| 650 |
|
0 |
|a Still-life painting, Dutch
|v Catalogs.
|
| 650 |
|
0 |
|a Still-life painting
|y 16th century
|z Netherlands
|v Catalogs.
|
| 650 |
|
0 |
|a Still-life painting
|y 17th century
|z Netherlands
|v Catalogs.
|
| 650 |
|
0 |
|a Still-life painting
|y 18th century
|z Netherlands
|v Catalogs.
|
| 700 |
1 |
|
|a Kloek, W. Th.
|
| 700 |
1 |
|
|a Brusati, Celeste.
|
| 710 |
2 |
|
|a Rijksmuseum (Netherlands)
|
| 710 |
2 |
|
|a Cleveland Museum of Art.
|
| 994 |
|
|
|a E0
|b TXA
|
| 948 |
|
|
|a cataloged
|b h
|c 2000/5/1
|d c
|e blrosas
|f 7:43:40 am
|
| 999 |
|
|
|a MARS
|
| 999 |
f |
f |
|s 3cc5c871-8440-37b6-8756-1de99d2f0936
|i 655747c9-18b1-3001-97f1-3416818f0c8a
|t 0
|
| 952 |
f |
f |
|p normal
|a Texas A&M University
|b College Station
|c Sterling C. Evans Library
|d Evans: Library Stacks
|t 0
|e ND1393.N4 C46 1999
|h Library of Congress classification
|i unmediated -- volume
|m A14826132458
|
| 998 |
f |
f |
|a ND1393.N4 C46 1999
|t 0
|l Evans: Library Stacks
|